|
|
|
|
| LEADER |
00801cas a2200181 a 4500 |
| 001 |
AALejournalResearch4Life006147 |
| 008 |
240902c9999 xx r poo 0 0eng d |
| 022 |
|
|
|a 13411098
|
| 022 |
|
|
|a 21861005
|
| 040 |
|
|
|a BD-DhAAL
|c BD-DhAAL
|
| 245 |
0 |
0 |
|h [electronic resource]
|a Annals of Thoracic and Cardiovascular Surgery | Editorial Committee of Annals of Thoracic and Cardiovascular Surgery
|
| 260 |
|
|
|b Cambridge University Press
|
| 300 |
|
|
|a 1 online resource
|
| 362 |
0 |
|
|a 2011 - current issue
|
| 500 |
|
|
|a <strong>On-Campus Access Only (IP based access)</strong>
|
| 506 |
|
|
|a Electronic access restricted to authorized BRAC University faculty, staff and students
|
| 538 |
|
|
|a Mode of access: Internet
|
| 856 |
4 |
0 |
|z Full text available on Research4Life (HINARI,AGORA,OARE,ARDI & GOALI)
|u http://www.atcs.jp/
|